Library Logo

Pioneer International University Library Catalogue

MAGIC, MYSTERY AND MISTER PRINCE (Record no. 9669)

MARC details
000 -LEADER
fixed length control field 00400nam a22001457a 4500
003 - CONTROL NUMBER IDENTIFIER
control field OSt
005 - DATE AND TIME OF LATEST TRANSACTION
control field 20251021095825.0
008 - FIXED-LENGTH DATA ELEMENTS--GENERAL INFORMATION
fixed length control field 251021b |||||||| |||| 00| 0 eng d
020 ## - INTERNATIONAL STANDARD BOOK NUMBER
International Standard Book Number 9789966345233
040 ## - CATALOGING SOURCE
Transcribing agency MORAN EA PUBLISHERS LTD
050 ## - LIBRARY OF CONGRESS CALL NUMBER
Classification number PR 9387.9 .F85 2016
245 ## - TITLE STATEMENT
Title MAGIC, MYSTERY AND MISTER PRINCE
Statement of responsibility, etc. FULANI, DAN
260 ## - PUBLICATION, DISTRIBUTION, ETC.
Place of publication, distribution, etc. KENYA
Name of publisher, distributor, etc. MORAN E.A PUBLISHERS LTD
Date of publication, distribution, etc. 2012
942 ## - ADDED ENTRY ELEMENTS (KOHA)
Source of classification or shelving scheme Library of Congress Classification
Koha item type Books
Suppress in OPAC No

No items available.